000 00671cam a2200229 a 4500
001 000018831
005 20200929165850.0
008 720414s1970 sp 000 f spa d
040 _aDO-SdBNP
_bspa
_cLC
_dBNPHU
082 _a863.64
_bD353co
100 1 _aDelibes, Miguel,
_d1920-2010
_93297
245 1 0 _aCon la escopeta al hombro /
_cMiguel Delibes.
260 _aBarcelona :
_bDestino,
_c1970.
300 _a176 p. ;
_c19 cm.
490 1 _aÁncora y delfín
_v355
650 4 _aNovela española
_91123
650 4 _aLiteratura española
_9632
830 0 _aÁncora y delfín ;
_v355
_94704
910 _aCatalogación derivada / LC
910 _aWM
049 _aBNGR
999 _c18351
_d18351